000 00480nam a22001697a 4500
005 20251108171047.0
008 250721s1985 xx 000 0 ara d
082 1 4 _a956.511/عما
100 1 _aموسى، سليمان
_eتحرير
245 1 0 _aعمان :
_bعاصمة الأردن /
264 1 _aعمان :
_bأمانة العاصمة،
_c1985.
300 _a295ص : مص
650 1 7 _aتاريخ الأردن
650 1 7 _aعمان
942 _2ddc
_cBK
999 _c55571
_d55571